The economic government of the world (Registro nro. 325311)
[ vista simple ]
| 000 -ENCABEZADO | |
|---|---|
| Número de control [NR] | 02921nam a22002537a 4500 |
| 005 - FECHA Y HORA DE LA ÚLTIMA TRANSACCIÓN | |
| control field | 20250227072703.0 |
| 008 - DE LONGITUD FIJA DE DATOS DE ELEMENTOS - INFORMACIÓN GENERAL | |
| Elementos de longitud fija [NR] | 250227b ||||| |||| 00| 0 eng d |
| 020 ## - NUMERO INTERNACIONAL NORMALIZADO PARA LIBROS [R] | |
| Número Internacional Normalizado del libro [NR] | 9780374146412 |
| 040 ## - FUENTE DE CATALOGACION [NR] | |
| Agencia de catalogación original [NR] | CO-BoUCM |
| Quien Cataloga | David Moreno |
| Quien Clasifica | David Moreno |
| 041 ## - CODIGO DE IDIOMA [R] | |
| Código de idioma para texto/pista de sonido o título separado [R] | Inglés |
| 100 1# - ASIENTO PRINCIPAL--NOMBRE PERSONAL [NR] | |
| Nombre personal [NR] | Daunton, Martin J. |
| ID Autoridad | 184963 |
| 245 14 - MENCION DE TITULO [NR] | |
| Título [NR] | The economic government of the world |
| Parte restante del título [NR] | 1933-202 |
| Mención de responsabilidad, etc. [NR] | Martin Daunton |
| 250 ## - MENCION DE EDICION [NR] | |
| Mención de edición [NR] | 1a.Ed |
| 260 ## - PUBLICACION, DISTRIBUCION, ETC. (PIE DE IMPRENTA) [R] | |
| Lugar de publicación, distribución, etc. [R] | New York |
| Nombre del editor, distribuidor, etc. [R] | Farrar, Straus and Giroux |
| Fecha de publicación, distribución, etc. [R] | 2023 |
| 300 ## - DESCRIPCION FISICA [R] | |
| Extensión [R] | xxxiv, 986 Paginas |
| Otros detalles físicos [NR] | ilustracion |
| 504 ## - NOTA DE BIBLIOGRAFIA, ETC. [R] | |
| Nota de bibliografía, etc. [NR] | Incluye referencias bibliográficas e índices |
| 505 ## - NOTA DE CONTENIDO CON FORMATO PREESTABLECIDO [R] | |
| Mención de responsabilidad [R] | Part one. Responding to the Great Depression -- 'The establishment of a sound national economy': the politics of the Great Depression -- 'Barren harvest': the World Monetary and Economic Conference, 1933 -- 'Beggar my neighbour': the failures of the world economy, 1933-1939 -- 'Escaping from backwardness': strategies of economic development -- Part two. The Bretton Woods era -- 'Handling the English': lend lease, commercial policy and sterling balances -- 'A firm foundation': reforming the monetary system -- 'An integrated program': food, employment and commodities -- 'The threshold of the future': the Bretton Woods Agreement -- 'A financial Dunkirk': the United States, Britain and Germany -- 'Happier relations between all countries': the failure of the International Trade Organization -- 'Convertible currencies in the free world': sterling and Europe -- 'Damn it, we're a bank': contesting development -- 'A common detestation of colonialism': development, nationalism and the Cold War -- 'Competitive cooperation': the Kennedy round, the United States and the Common Market -- 'Progress towards self-sustaining growth': the development decade -- Part three. Washington consensus -- 'Trying to live with an anomaly': the limits of Bretton Woods -- 'Benign neglect': closing the gold window -- 'Music without any middle C': the floating world -- 'A trade union of the poor': the new international economic order and the limits to growth -- 'Expansion of economic freedom': the rise of market liberalism -- 'Market fundamentalism': the Washington consensus and financial liberalization -- 'Rules-based system': creating the World Trade Organization -- 'Setting the bird free': Economies in transition -- 'Eurofantasies': from economic and monetary union to the euro -- Part four. Beyond neo-liberalism - 'Behaving badly': the global financial crisis -- 'Messy multilateralism': nationalism versus globalism -- Fair capitalism and globalization: the way ahead. |
| 650 14 - ASIENTO SECUNDARIO DE MATERIA - TERMINO TEMATICO [R] | |
| Término temático o nombre geográfico como elemento de entrada [NR] | Relaciones económicas internacionales |
| Subdivisión general [R] | Historia |
| 9 (RLIN) | 184964 |
| 650 14 - ASIENTO SECUNDARIO DE MATERIA - TERMINO TEMATICO [R] | |
| Término temático o nombre geográfico como elemento de entrada [NR] | Política económica |
| Subdivisión general [R] | Cooperación internacional |
| 9 (RLIN) | 184965 |
| 650 14 - ASIENTO SECUNDARIO DE MATERIA - TERMINO TEMATICO [R] | |
| Término temático o nombre geográfico como elemento de entrada [NR] | Instituciones financieras, Internacional |
| Subdivisión general [R] | Historia |
| 9 (RLIN) | 184966 |
| 650 14 - ASIENTO SECUNDARIO DE MATERIA - TERMINO TEMATICO [R] | |
| Término temático o nombre geográfico como elemento de entrada [NR] | Historia económica |
| Subdivisión cronológica [R] | 1918-1945 |
| 9 (RLIN) | 184967 |
| 942 ## - ELEMENTOS DE ENTRADA AGREGADOS (KOHA) | |
| Sistema de clasificación | DEWEY |
| Tema principal | Economía |
| Tipo de ítem principal el descrito en 300a | Libro |
| Edición | 1 |
| Clasificación | 337 |
| Parte restante de la signatura top. | D242e |
| Título oculto en OPAC | No |
| Fecha de último préstamo | Total préstamos | Signatura topográfica | Código de barras | Última vez visto | Ejemplar | Price effective from | Tipo de ítem | Perdido | Sistema de clasificación | Dañado | No prestable | Tipo de ítem específico | Suprimido | Ubicación habitual | Ubicación actual | Localización | Fecha de creación | Forma de adquisición | Costo |
|---|---|---|---|---|---|---|---|---|---|---|---|---|---|---|---|---|---|---|---|
| 28/02/2025 | 1 | 337 D242e | 100173726 | 04/12/2025 | Ej.1 | 27/02/2025 | Libro | DEWEY | Libro | Claustro | Claustro | Mezanine | 27/02/2025 | Compra | 125796.00 |